Climate change battle in Paris (Record no. 55652)

MARC details
000 -LEADER
fixed length control field 00343nam a2200133Ia 4500
100 ## - MAIN ENTRY--AUTHOR NAME
Personal name Meenakshi Raman
245 #0 - TITLE STATEMENT
Title Climate change battle in Paris
260 ## - PUBLICATION, DISTRIBUTION, ETC. (IMPRINT)
Name of publisher Economic and Political Weekly
Year of publication 2016
300 ## - PHYSICAL DESCRIPTION
Number of Pages 35-40
650 ## - SUBJECT ADDED ENTRY--TOPICAL TERM
Topical Term Climate change
650 ## - SUBJECT ADDED ENTRY--TOPICAL TERM
Topical Term Paris Agreement
942 ## - ADDED ENTRY ELEMENTS (KOHA)
Koha item type Journals
Holdings
Withdrawn status Lost status Damaged status Not for loan Home library Current library Shelving location Date acquired Serial Enumeration / chronology Koha item type
      Journals RRII Library RRII Library Climate change 01/01/2021 Volume LI, Issue 2 Journals